Oceans by Area (Treemap) Quiz Stats

 Plays Quiz Updated Apr 23, 2019

Score 0/5 Timer 01:00
1 Play Today
% Correct
Pacific Ocean
97.6%
Atlantic Ocean
93.1%
Indian Ocean
84.1%
Southern Ocean
76.7%
Arctic Ocean
76%

You're not logged in!

Compare scores with friends on all Sporcle quizzes.
OR
Log In

Sporcle TV

Today on Sporcle TV


Watch our educational content, quiz creation guides, and fun videos on Sporcle TV.

Show Comments

Extras

Top Quizzes Today


Score Distribution

Your Account Isn't Verified!

In order to create a playlist on Sporcle, you need to verify the email address you used during registration. Go to your Sporcle Settings to finish the process.

Report this User

Report this user for behavior that violates our Community Guidelines.

Details: